| 000 | 01526nam a2200361 c 4500 | ||
|---|---|---|---|
| 003 | BLK | ||
| 005 | 20240125123013.0 | ||
| 008 | 180408b bul|||||r ||||||| ||bul|| | ||
| 010 | _aKNG00067965000 | ||
| 020 |
_a954-8805-67-7 _bиздат.: Грамма - на том(ч. 2) |
||
| 040 | _aBLK | ||
| 041 |
_aENG _cENG |
||
| 080 |
_aАнглийски език _b811.111 _x(075.4) _z811.111(075.4) |
||
| 700 | 1 |
_aМаслева, Надежда _eавт. на том _9370304 |
|
| 139 |
_aАнглийски език _bА 64 |
||
| 245 | 1 | 0 |
_aАнглийски език _bСамоучител в диалози : Ч. 1 - _cавт. на том Надежда Маслева. _nЧ. 2 |
| 246 | 1 | 1 | _aEnglish for Bulgarians |
| 257 | _aBGR | ||
| 260 |
_аПлевен _c2000 - _fВ. Търново : Абагар |
||
| 300 | _c22 см | ||
| 380 | _a80 | ||
| 650 | 4 |
_aАнглийски език - учебници за самоподготовка _9253258 |
|
| 653 | _aанглийски език | ||
| 653 | _aсамоучители в диалози | ||
| 653 | _aучебници за самообразование | ||
| 760 | 1 |
_3- на том(ч. 2) _dГрамма, 2005 _h288 с. : с ил. _mCD _nПрил. със същото загл. и сигн. CD 1043. _tЧ. 2 |
|
| 852 | _aЦб 203138 | ||
| 856 | 4 |
_qpdf _u |
|
| 856 | 4 |
_qpdf _u |
|
| 942 |
_cKNG _n0 _05 |
||
| 944 |
_aCR _c18.09.2006 _lТеодора Пейчева-Дянкова _k30556 |
||
| 944 |
_aED _c11.09.2015 _lф / _kЛюдмила_Стоянова |
||
| 999 |
_c63707 _d63707 |
||